|
|
|
|
| LEADER |
01070nam a2200241 a 4500 |
| 001 |
11801734 |
| 008 |
090808r20031999ii a 000 1 eng d |
| 020 |
|
|
|a 0895263092
|
| 020 |
|
|
|a 8125906207
|
| 040 |
|
|
|a DLC
|c DLC
|
| 082 |
0 |
0 |
|a 823/.8
|2 21
|
| 100 |
1 |
|
|a Hope, Anthony,
|d 1863-1933.
|
| 245 |
1 |
4 |
|a The prisoner of Zenda /
|c by Anthony Hope.
|
| 260 |
|
|
|a New Delhi :Madhuban ;
|a Washington, D.C. :
|b Regnery Pub.,
|c 1999 [reprinted 2003]
|
| 300 |
|
|
|a vii, 96 p. :
|b ill. ;
|c 22 cm.
|
| 541 |
1 |
|
|e 00010016
|
| 650 |
|
0 |
|a British
|z Foreign countries
|v Fiction.
|
| 650 |
|
0 |
|a Impostors and imposture
|v Fiction.
|
| 852 |
4 |
|
|a Ayesha Abed Library
|j General shelf
|
| 942 |
0 |
0 |
|0 1
|
| 999 |
|
|
|c 3685
|d 3685
|
| 952 |
|
|
|0 0
|1 0
|2 ddc
|4 0
|6 823_800000000000000_HOP_2003
|7 0
|9 3347
|a BRACUL
|b BRACUL
|c GEN
|d 2009-09-03
|g 0.00
|l 9
|m 7
|o 823.8 HOP
|p 3010010016
|r 2023-09-30
|s 2023-09-20
|t 1
|w 2009-09-03
|y BK
|x No price found in the accession register.
|
| 952 |
|
|
|0 0
|1 0
|2 ddc
|4 0
|6 823_800000000000000_HOP_2003
|7 0
|9 15891
|a BRACUL
|b BRACUL
|c GEN
|d 2011-03-28
|l 13
|m 21
|o 823.8 HOP
|p 3010010015
|r 2025-10-16
|s 2025-10-08
|t 2
|w 2011-03-28
|y BK
|